E-business a vállalatoknál

Bibliográfiai részletek
Szerző: Szabó Krisztián
További közreműködők: Hua Dr. Nam Son
Dokumentumtípus: Projektmunka
Kulcsszavak:Fundamenta
Vállalatok
E-business
Online Access:http://dolgozattar.uni-bge.hu/6299

MARC

LEADER 00000nnm a2200000 i 4500
001 dolg6299
005 20160517105359.0
008 160517suuuu hu o 000 hun d
040 |a BGE Dolgozattár Repozitórium  |b hun 
041 |a hu 
100 1 |a Szabó Krisztián 
245 1 0 |a E-business a vállalatoknál  |c Szabó Krisztián  |h [elektronikus dokumentum] 
516 |a Project_work 
695 |a Fundamenta 
695 |a Vállalatok 
695 |a E-business 
700 1 |a Hua Dr. Nam Son  |e ths 
856 4 0 |u http://dolgozattar.uni-bge.hu/6299/1/E-business%20a%20v%C3%A1llalatokn%C3%A1l.pdf  |z Dokumentum-elérés